COLT

Bibliographic Details
Main Author: Vondráček, Aleš (Author, Photographer)
Format: Article
Language:Czech
PhysicalDescription:Fotogr.
ISSN:1212-5210
Subjects:

MARC

LEADER 00000nab a2200000 a 4500
001 vtls010642511
003 SK-MaSNL
005 20260309141851.0
008 141211 2014 xo m p 000 0 cze
015 |a SNBRB2014/12  |2 lmaosk 
040 |a LMAOSK  |b slo  |c LMAOSK  |e AACR2 
041 0 |a cze 
044 |a xo  |c SK 
080 |a 623.441/.443  |2 2001 
080 |a (046)  |2 2001 
100 1 |a Vondráček, Aleš  |4 aut  |4 pht  |9 1082818 
245 1 0 |a COLT  |c text a foto Aleš Vondráček 
300 |b Fotogr. 
500 |a Název: Colt´s Manufacturing Company LLC Rok založenia: 1855 
610 0 7 |a Colt´s Manufacturing Company (Hardford, Connecticut)  |2 LMAOSK  |9 1629191 
650 0 7 |a zbrojársky priemysel  |2 LMAOSK  |9 79523 
650 0 7 |a strelné zbrane  |2 SNKPH  |9 68540 
655 7 |a články  |2 SNKPH  |9 70601 
773 0 |t Zbraně & náboje  |g Roč. XVI, č. 12 (2014), s. 24-[27]  |x 1212-5210 
852 |a LMAOSK  |b KIS3GCP 
958 |a NB 
999 |c 3362433  |d 3364363